[Event "AUT-chT2W 2122"]
[Site "Austria"]
[Date "2022.06.04"]
[Round "7.2"]
[White "Ljubic, Juro"]
[Black "Lins, Philipp"]
[Result "1/2-1/2"]
[WhiteElo "2179"]
[BlackElo "2161"]
[PlyCount "60"]
[EventDate "2021.10.15"]
[EventType "team-tourn"]
[EventRounds "11"]
[EventCountry "AUT"]
[SourceTitle "EXT 2023"]
[Source "ChessBase"]
[SourceDate "2022.10.05"]
[SourceVersion "1"]
[SourceVersionDate "2022.10.05"]
[SourceQuality "1"]
[WhiteTeam "Schwarzach"]
[BlackTeam "Hohenems II"]
[WhiteTeamCountry "AUT"]
[BlackTeamCountry "AUT"]

1. b3 e5 2. Bb2 Nc6 3. e3 Nf6 4. Bb5 e4 5. f3 a6 6. Bxc6 dxc6 7. Nc3 Bb4 8. Qe2 Qe7 9. Nxe4 Nxe4 10. fxe4 Qh4+ 11. Qf2 Qxe4 12. 0-0-0 Bg4 13. Nf3 f6 14. h3 Bh5 15. d3 Qe7 16. g4 Bg6 17. e4 Ba3 18. Kb1 Bxb2 19. Kxb2 a5 20. a4 b5 21. Ra1 0-0 22. Qd2 b4 23. Rae1 c5 24. Rhf1 Qd6 25. Qh2 Rae8 26. Qxd6 cxd6 27. Nh4 Re5 28. Nf3 Ree8 29. Nh4 Re5 30. Nf3 Ree8 1/2-1/2

[Event "AUT-chT2W 1617"]
[Site "Austria"]
[Date "2016.10.29"]
[Round "2.3"]
[White "Hausner, Ivan"]
[Black "Lins, Philipp"]
[Result "1-0"]
[WhiteElo "2360"]
[BlackElo "2131"]
[PlyCount "111"]
[EventDate "2016.10.28"]
[EventType "team-tourn"]
[EventRounds "11"]
[EventCountry "AUT"]
[SourceTitle "EXT 2018"]
[Source "ChessBase"]
[SourceDate "2017.10.13"]
[SourceVersion "1"]
[SourceVersionDate "2017.10.13"]
[SourceQuality "1"]
[WhiteTeam "Zillertal"]
[BlackTeam "Pradl"]
[WhiteTeamCountry "AUT"]
[BlackTeamCountry "AUT"]

1. c4 d6 2. Nc3 e5 3. g3 g6 4. Bg2 Bg7 5. e4 Nc6 6. Nge2 Nge7 7. 0-0 0-0 8. d3 Nd4 9. h3 h6 10. f4 c5 11. Be3 f5 12. Kh2 Rb8 13. Qd2 Kh7 14. Rae1 Nec6 15. Nd5 Nxe2 16. Rxe2 Be6 17. fxe5 Nxe5 18. Ref2 b5 19. b3 bxc4 20. dxc4 Bxd5 21. Qxd5 Qe7 22. exf5 gxf5 23. Bd2 Kh8 24. Rxf5 Rxf5 25. Rxf5 Rf8 26. Qe4 Rxf5 27. Qxf5 Qf8 28. Qxf8+ Bxf8 29. Be4 Kg7 30. Ba5 Kf6 31. Kg2 Nd7 32. Kf3 Ne5+ 33. Ke3 Ke6 34. Bd5+ Kf5 35. g4+ Kg6 36. Ke4 Be7 37. Bc7 Nd7 38. Be6 Nf6+ 39. Kf3 Ne8 40. Bb8 a6 41. Bc8 Nf6 42. Bxa6 d5 43. cxd5 Nxd5 44. Bd3+ Kf6 45. a4 Nb4 46. Be4 Na6 47. Bf4 Kg7 48. Bb7 Nb4 49. a5 Bd8 50. a6 Bb6 51. Bb8 Nc2 52. Ke4 Nd4 53. b4 Ne6 54. b5 c4 55. Kd5 c3 56. Kxe6 1-0

[Event "AUT-chT2W 1516"]
[Site "Austria"]
[Date "2016.03.04"]
[Round "9.4"]
[White "Lins, Philipp"]
[Black "Wieneroiter, Gerald"]
[Result "1-0"]
[WhiteElo "2044"]
[BlackElo "2140"]
[PlyCount "85"]
[EventDate "2015.10.16"]
[EventType "team-tourn"]
[EventRounds "11"]
[EventCountry "AUT"]
[SourceTitle "EXT 2017"]
[Source "ChessBase"]
[SourceDate "2016.10.25"]
[SourceVersion "1"]
[SourceVersionDate "2016.10.25"]
[SourceQuality "1"]
[WhiteTeam "Pradl"]
[BlackTeam "Bernhard II"]
[WhiteTeamCountry "AUT"]
[BlackTeamCountry "AUT"]

1. Nf3 d5 2. c4 c6 3. g3 Nf6 4. Bg2 e6 5. d4 Nbd7 6. Qc2 Be7 7. 0-0 0-0 8. Rd1 b6 9. b3 Bb7 10. Bb2 Qc7 11. Nc3 Rad8 12. Rac1 h6 13. cxd5 exd5 14. a3 Rfe8 15. Ne5 Qb8 16. e4 Bf8 17. Nxd7 Rxd7 18. e5 Nh7 19. b4 Rdd8 20. f4 c5 21. dxc5 d4 22. Ne4 bxc5 23. bxc5 d3 24. Qf2 Ba6 25. Bc3 Qb3 26. Bb4 Bb7 27. Rb1 Qe6 28. Nd6 Bxg2 29. Qxg2 f6 30. Nxe8 Qxe8 31. Qa2+ Kh8 32. e6 f5 33. Qc4 Nf6 34. Rb3 d2 35. Rxd2 Rxd2 36. Bxd2 Ne4 37. Be3 Qh5 38. Rb8 Qf3 39. Rxf8+ Kh7 40. Qd4 Nxg3 41. hxg3 Qxg3+ 42. Kf1 Qh3+ 43. Ke2 1-0

[Event "AUT-chT2W 1314"]
[Site "Austria"]
[Date "2014.03.08"]
[Round "10.3"]
[White "Lins, Philipp"]
[Black "Pogan, Nikolas"]
[Result "0-1"]
[WhiteElo "2093"]
[BlackElo "2274"]
[PlyCount "92"]
[EventDate "2013.10.18"]
[EventType "team-tourn"]
[EventRounds "11"]
[EventCountry "AUT"]
[SourceTitle "EXT 2015"]
[Source "ChessBase"]
[SourceDate "2014.11.20"]
[SourceVersion "1"]
[SourceVersionDate "2014.11.20"]
[SourceQuality "1"]
[WhiteTeam "Pradl"]
[BlackTeam "Rum Rochade"]
[WhiteTeamCountry "AUT"]
[BlackTeamCountry "AUT"]

1. Nf3 Nf6 2. g3 g6 3. Bg2 Bg7 4. 0-0 0-0 5. c4 d6 6. Nc3 Nc6 7. d4 a6 8. h3 Rb8 9. e4 b5 10. cxb5 axb5 11. Qc2 Ba6 12. Rd1 b4 13. e5 bxc3 14. exf6 cxb2 15. Bxb2 Nb4 16. Qa4 Bxf6 17. Bc3 Qe8 18. Qa3 Nd5 19. Be1 Be2 20. Rd2 Qb5 21. h4 e6 22. Qc1 c5 23. a4 Qa6 24. Raa2 Bxf3 25. Bxf3 Nb4 26. dxc5 Nxa2 27. Rxa2 Rfc8 28. c6 d5 29. Qf4 Bg7 30. Kg2 Qxc6 31. Be2 e5 32. Qd2 d4+ 33. Kh2 e4 34. Bb5 Qd5 35. Rc2 Rxc2 36. Qxc2 d3 37. Qc1 h5 38. Bd2 Rxb5 39. axb5 Qxb5 40. Qe1 Qf5 41. Be3 Qf3 42. Qa5 Kh7 43. Qd5 Bh6 44. Bf4 Qxf2+ 45. Kh3 d2 46. Qxf7+ Bg7 0-1

[Event "AUT-chT2W 1314"]
[Site "Austria"]
[Date "2013.10.20"]
[Round "3.5"]
[White "Lins, Philipp"]
[Black "Maurer, Jochen"]
[Result "1/2-1/2"]
[WhiteElo "2093"]
[BlackElo "2233"]
[PlyCount "71"]
[EventDate "2013.10.18"]
[EventType "team-tourn"]
[EventRounds "11"]
[EventCountry "AUT"]
[SourceTitle "EXT 2014"]
[Source "ChessBase"]
[SourceDate "2013.11.20"]
[SourceVersion "1"]
[SourceVersionDate "2013.11.20"]
[SourceQuality "1"]
[WhiteTeam "Pradl"]
[BlackTeam "Kufstein/Woergl"]
[WhiteTeamCountry "AUT"]
[BlackTeamCountry "AUT"]

1. Nf3 g6 2. g3 Bg7 3. Bg2 c5 4. c4 Nc6 5. Nc3 e6 6. 0-0 Nge7 7. d3 0-0 8. Bf4 d5 9. cxd5 Nxd5 10. Nxd5 exd5 11. Qc1 b6 12. Bh6 Re8 13. Bxg7 Kxg7 14. d4 c4 15. Qd2 b5 16. Ne5 Qd6 17. Nxc6 Qxc6 18. Rfe1 Bd7 19. h4 h5 20. Bf3 a5 21. Qg5 Qf6 22. Qxf6+ Kxf6 23. Kf1 Ke6 24. Rec1 Kd6 25. Ke1 Bc8 26. Kd2 Bf5 27. a3 Rab8 28. e3 Rb6 29. Bd1 b4 30. axb4 axb4 31. Bc2 Bxc2 32. Kxc2 Re7 33. Ra5 Re6 34. Ra7 Re7 35. Rca1 Rbb7 36. R7a5 1/2-1/2

[Event "AUT-chT2W 1314"]
[Site "Austria"]
[Date "2013.10.19"]
[Round "2.5"]
[White "Kupfner, Franz"]
[Black "Lins, Philipp"]
[Result "1-0"]
[WhiteElo "2172"]
[BlackElo "2093"]
[PlyCount "125"]
[EventDate "2013.10.18"]
[EventType "team-tourn"]
[EventRounds "11"]
[EventCountry "AUT"]
[SourceTitle "EXT 2014"]
[Source "ChessBase"]
[SourceDate "2013.11.20"]
[SourceVersion "1"]
[SourceVersionDate "2013.11.20"]
[SourceQuality "1"]
[WhiteTeam "Zillertal"]
[BlackTeam "Pradl"]
[WhiteTeamCountry "AUT"]
[BlackTeamCountry "AUT"]

1. Nf3 d6 2. d4 Bg4 3. g3 Bxf3 4. exf3 e6 5. Bg2 g6 6. 0-0 Bg7 7. c4 c6 8. Nc3 Ne7 9. d5 exd5 10. cxd5 0-0 11. Bg5 h6 12. Bf4 c5 13. Bh3 g5 14. Be3 Ng6 15. Bf5 Qf6 16. Bh3 Na6 17. Bg2 Nc7 18. a4 Na6 19. Re1 Nb4 20. Rc1 b6 21. Bf1 Qf5 22. Be2 Rad8 23. g4 Qc8 24. b3 f5 25. h3 fxg4 26. fxg4 Nf4 27. Bf1 Be5 28. Ne4 Kh8 29. Bxf4 Rxf4 30. Rc4 Rdf8 31. Bg2 Qd7 32. Re2 Qg7 33. Ng3 Rxc4 34. bxc4 Qf6 35. Nf5 h5 36. Re3 h4 37. Re2 Rf7 38. Be4 Bf4 39. Bb1 Be5 40. a5 Qd8 41. Qe1 Qf6 42. Qd1 bxa5 43. Qa4 Qd8 44. Nxd6 Bh2+ 45. Kxh2 Qxd6+ 46. Kg2 Qf6 47. Bf5 Nd3 48. Bxd3 Qf3+ 49. Kh2 Qxd3 50. Qe8+ Kg7 51. Qe5+ Kg6 52. d6 Qd4 53. Qxd4 cxd4 54. c5 Rd7 55. Kg2 Kf6 56. Kf3 d3 57. Rd2 Ke5 58. Rxd3 a4 59. Ke3 Ke6 60. Kd4 Rf7 61. Re3+ Kd7 62. Kd5 Rxf2 63. c6+ 1-0

[Event "Seefeld op 19th"]
[Site "Seefeld"]
[Date "2008.09.13"]
[Round "9"]
[White "Schnegg, Daniel"]
[Black "Lins, Philipp"]
[Result "1-0"]
[WhiteElo "2090"]
[BlackElo "1780"]
[PlyCount "91"]
[EventDate "2008.09.05"]
[EventType "swiss"]
[EventRounds "9"]
[EventCountry "AUT"]
[SourceTitle "EXT 2019"]
[Source "ChessBase"]
[SourceDate "2018.10.10"]
[SourceVersion "1"]
[SourceVersionDate "2018.10.10"]
[SourceQuality "1"]

1. e4 d6 2. d4 Nf6 3. Nc3 c6 4. f4 Qa5 5. e5 Ne4 6. Bd2 Nxd2 7. Qxd2 d5 8. Bd3 g6 9. Nge2 Na6 10. 0-0 e6 11. a3 b5 12. b4 Qb6 13. g4 h5 14. h3 hxg4 15. hxg4 Rh4 16. Kg2 Bd7 17. Kg3 Be7 18. g5 Rh8 19. Nd1 Nc7 20. c3 a5 21. Nf2 a4 22. Rh1 0-0-0 23. Ng4 Na8 24. Qc2 Rdf8 25. Nh6 Qd8 26. Rag1 Be8 27. Rg2 Nb6 28. Ng1 Nc4 29. Bxc4 dxc4 30. Nh3 Qd5 31. Qe2 Rh7 32. Ng1 Rfh8 33. Rh3 Bf8 34. Rgh2 Qd7 35. Nf3 Kb7 36. Qg2 Rg7 37. Nd2 Qd5 38. Ne4 Be7 39. Ng4 Rxh3+ 40. Rxh3 Bd7 41. Rh8 c5 42. Ngf6 Qc6 43. Nxd7 cxb4 44. Nec5+ Bxc5 45. Rb8+ Kc7 46. Rc8+ 1-0

[Event "Seefeld op 19th"]
[Site "Seefeld"]
[Date "2008.09.12"]
[Round "8"]
[White "Lins, Philipp"]
[Black "Lang, Ferdinand"]
[Result "1-0"]
[WhiteElo "1780"]
[BlackElo "1964"]
[PlyCount "73"]
[EventDate "2008.09.05"]
[EventType "swiss"]
[EventRounds "9"]
[EventCountry "AUT"]
[SourceTitle "EXT 2019"]
[Source "ChessBase"]
[SourceDate "2018.10.10"]
[SourceVersion "1"]
[SourceVersionDate "2018.10.10"]
[SourceQuality "1"]

1. Nf3 d5 2. g3 Bf5 3. Bg2 e6 4. 0-0 Nf6 5. d3 Be7 6. Nbd2 0-0 7. c3 c5 8. Qa4 Nc6 9. e4 Bg6 10. Re1 Nd7 11. exd5 exd5 12. d4 Nb6 13. Qd1 cxd4 14. Nxd4 Nxd4 15. cxd4 Rc8 16. Nf3 Bf6 17. Ne5 Bf5 18. g4 Be6 19. f4 g6 20. Rf1 Bg7 21. f5 f6 22. Nxg6 hxg6 23. fxe6 Re8 24. Qd3 Rxe6 25. Qxg6 Qe7 26. Qf5 Rd8 27. g5 Re1 28. Bf4 Rxa1 29. Rxa1 fxg5 30. Bxg5 Bxd4+ 31. Kh1 Rf8 32. Bxd5+ Kg7 33. Qg4 Qd7 34. Qxd4+ Kg6 35. Be4+ Kxg5 36. Rg1+ Kh6 37. Qe3+ 1-0